[Event "Scarborough CC-ch reserves"]
[Site "Toronto"]
[Date "2007.02.01"]
[Round "5"]
[White "Blackman, Gord"]
[Black "Wu, Aaron"]
[Result "1/2-1/2"]
[WhiteElo "1633"]
[BlackElo "1491"]
[PlyCount "70"]
[EventDate "2007.01.04"]
[EventType "swiss"]
[EventRounds "9"]
[EventCountry "CAN"]
[SourceTitle "EXT 2022"]
[Source "ChessBase"]
[SourceDate "2021.10.06"]
[SourceVersion "1"]
[SourceVersionDate "2021.10.06"]
[SourceQuality "1"]

1. c4 Nf6 2. Nc3 g6 3. d4 Bg7 4. e4 d6 5. f3 0-0 6. Be3 Nbd7 7. Qd2 c5 8. d5 a6 9. Bd3 Ne5 10. 0-0-0 Nxd3+ 11. Qxd3 Bd7 12. g4 Qb8 13. h4 b5 14. h5 bxc4 15. Qxc4 Qb6 16. Qe2 Rab8 17. Rd2 Nxg4 18. Rc2 Nxe3 19. Qxe3 Qb4 20. hxg6 fxg6 21. Rch2 Bxc3 22. Qxc3 Qxc3+ 23. bxc3 Rf7 24. Rb2 Rxb2 25. Kxb2 Bb5 26. Rh2 Rf4 27. Kc2 Kg7 28. Kd2 Bc4 29. Ke3 Rf8 30. Rb2 h5 31. Nh3 Bb5 32. Nf4 Kf6 33. Rg2 Rg8 34. Nxh5+ Kf7 35. Nf4 Bd7 1/2-1/2

[Event "Scarborough CC-ch reserves"]
[Site "Toronto"]
[Date "2007.01.11"]
[Round "2"]
[White "Verde, Pino"]
[Black "Blackman, Gord"]
[Result "1-0"]
[WhiteElo "1586"]
[BlackElo "1402"]
[PlyCount "71"]
[EventDate "2007.01.04"]
[EventType "swiss"]
[EventRounds "9"]
[EventCountry "CAN"]
[SourceTitle "EXT 2022"]
[Source "ChessBase"]
[SourceDate "2021.10.06"]
[SourceVersion "1"]
[SourceVersionDate "2021.10.06"]
[SourceQuality "1"]

1. e4 c5 2. Nc3 e6 3. g3 d5 4. exd5 exd5 5. Bg2 Nf6 6. d3 Bd6 7. Nxd5 Nxd5 8. Bxd5 0-0 9. Be4 Re8 10. Be3 Nc6 11. Qd2 Nd4 12. c3 Nf5 13. 0-0-0 Nxe3 14. fxe3 Rb8 15. Ne2 b6 16. Rhf1 Bb7 17. Bxb7 Rxb7 18. c4 Rbe7 19. Rf3 Be5 20. Nf4 Bxf4 21. gxf4 Qd7 22. b3 Qg4 23. Rg3 Qh4 24. Rdg1 Qf6 25. Kb1 Kh8 26. Rxg7 Qxg7 27. Rxg7 Kxg7 28. e4 Rd8 29. Kc2 Kh8 30. Qf2 Red7 31. Qf3 Rd4 32. f5 Rg8 33. Qf2 f6 34. Qf1 Rg5 35. Kb2 Rg8 36. h3 1-0